| 000 | 00568nam a22002055i 4500 | ||
|---|---|---|---|
| 001 | 171067 | ||
| 003 | ES-MaACL | ||
| 005 | 20250911062657.0 | ||
| 008 | 090427s1948 sp |||| | spa d | ||
| 080 | _a821.134.2-31"19" | ||
| 100 | 1 |
_aMatute, Ana María, _d1925-2014 _979165 |
|
| 245 | 1 | 4 |
_aLos Abel / _cAna María Matute. |
| 250 | _a1ª ed. | ||
| 260 |
_aBarcelona : _bDestino, _c1948. |
||
| 300 |
_a227 p. ; _c18 cm. |
||
| 490 | 1 | _aAncora y delfín | |
| 830 | 0 | 0 |
_aÁncora y Delfín _9151298 |
| 852 |
_aES-MaACL _jG-10684 _9R.144762 |
||
| 999 |
_c171067 _d171067 |
||